000 00565nam a22001577a 4500
003 OSt
005 20140310181842.0
008 130709t xxu||||| |||| 00| 0 eng d
050 _aAE 6
_b.R286 1978
082 _aREF 030
_bR22 1978
245 _aReader's digest library of modern knowledge /
_cThe Reader's Association Limited.
260 _aNew York :
_bReader's Digest Association,
_c1978.
300 _a2 v. :
_bill. (some col.) ;
_c30 cm.
_echarts ; facsims, maps (chiefly col.) ; music ; plans, ports ;
500 _aIncludes Index.
942 _2lcc
_cBK-GR
_kREF
999 _c5041
_d5041